Guess the country by hints #3 - Statistics

General Stats
  • This quiz has been taken 198 times
  • The average score is 7 of 10
Answer Stats
Hint Answer % Correct
Country with the most english speakers United States
100%
Country with the most spanish speakers Mexico
95%
Country whose capital starts with O Burkina Faso | Canada | Norway
83%
Country with the most trees Russia
74%
Longest country north to south Brazil
69%
Newest country South Sudan
63%
First country alphabetically Afghanistan
55%
Country with territories in all continents United Kingdom
53%
Country called "Magyarország" in its native language Hungary
37%
European country with the highest life expectancy Norway
26%
No matching quizzes found
Score Distribution
Percent of People with Each Score
Percentile by Number Answered
Your Score History
You have not taken this quiz